El escultor Felipe de Castro / (Record no. 31704)

MARC details
000 -LEADER
campo de control de longitud fija 00551nam a2200169 i 4500
001 - NÚMERO DE CONTROL
campo de control 31704
003 - IDENTIFICADOR DE NÚMERO DE CONTROL
campo de control ES-MaACL
005 - FECHA Y HORA DE LA ÚLTIMA TRANSACCIÓN
campo de control 20230906154429.0
007 - CAMPO FIJO DE DESCRIPCIÓN FÍSICA--INFORMACIÓN GENERAL
campo de control de longitud fija t|
008 - DATOS DE LONGITUD FIJA--INFORMACIÓN GENERAL
campo de control de longitud fija 030129s1971 sp ||||1| spa d
100 1# - ENTRADA PRINCIPAL--NOMBRE DE PERSONA
Nombre de persona Bedat, Claude.
9 (RLIN) 26987
245 13 - MENCIÓN DEL TÍTULO
Título El escultor Felipe de Castro /
Mención de responsabilidad, etc. Claude Bedat.
260 ## - PUBLICACIÓN, DISTRIBUCIÓN, ETC.
Lugar de publicación, distribución, etc. Santiago de Compostela :
Nombre del editor, distribuidor, etc. Instituto P. Sarmiento de Estudios Gallegos,
Fecha de publicación, distribución, etc. 1971.
300 ## - DESCRIPCIÓN FÍSICA
Extensión XII, 148 p., 20 lám. ;
Dimensiones 24 cm.
710 00 - ENTRADA AGREGADA--NOMBRE DE ENTIDAD CORPORATIVA
Nombre de entidad corporativa o nombre de jurisdicción como elemento de entrada Instituto de Estudios Gallegos "Padre Sarmiento"
9 (RLIN) 4903
852 ## - LOCALIZACIÓN
Ubicación ES-MaACL
Número de control de estantería C-42709
Sublocalización o colección R.82202
Holdings
Estatus retirado Estado de pérdida Estado de daño No para préstamo Biblioteca de origen Biblioteca actual Ubicación en estantería Fecha de adquisición Fuente de adquisición Total de préstamos Signatura topográfica completa Código de barras Visto por última vez Precio de reemplazo Tipo de ítem Koha
        Biblioteca del Ateneo de Madrid Biblioteca del Ateneo de Madrid Depósito 2 17/01/2008     C-42709 1032780 23/02/2023 23/02/2023 Libro impreso